|
|
|
|
| LEADER |
00000nam a2200000 a 4500 |
| 001 |
vtls010502800 |
| 003 |
SK-MaSNL |
| 005 |
20260302012808.0 |
| 008 |
240315s2013 xo a b 000 0 slo |
| 015 |
|
|
|a SNBA2013/04
|
| 020 |
|
|
|a 9788097126100
|q (brož.)
|
| 035 |
|
|
|a urn:nbn:sk:snk-am00czzw
|
| 035 |
|
|
|a urn:nbn:sk:snk-am3hgzq
|
| 035 |
|
|
|a 1D9963F4-5F3D-4313-B880-91204C6DA1AD
|
| 040 |
|
|
|a SNK
|b slo
|c SNK
|e AACR2
|
| 041 |
1 |
|
|a slo
|h hun
|
| 044 |
|
|
|a xo
|c SK
|
| 072 |
|
7 |
|a 821.511.1
|x Ugrofínske literatúry
|2 konspekt
|
| 072 |
|
7 |
|a 0/9-053.2
|x Literatúra pre deti a mládež (náučná)
|2 konspekt
|
| 080 |
|
|
|a 39
|2 2001
|
| 080 |
|
|
|a 398.6
|2 2001
|
| 080 |
|
|
|a 793.7
|2 2001
|
| 080 |
|
|
|a 821.511.141-32
|2 2001
|
| 080 |
|
|
|a (0.053.2)
|2 2001
|
| 100 |
1 |
|
|a Verő Bán, Linda
|4 aut
|9 416300
|
| 245 |
1 |
0 |
|a O purime pre deti, oteckov aj maminy
|c napísala: Verő Bán Linda ; ilustroval: Tibor Z. Petényi ; preložila Katarína Potoková
|
| 260 |
|
|
|a [Bratislava]
|b Ústredný zväz židovských náboženských obcí v SR
|c 2013
|
| 300 |
|
|
|a 55 s.
|b fareb. ilustr.
|c 15x21 cm
|
| 500 |
|
|
|a Náz. z obalu
|
| 500 |
|
|
|a Preložené z maďarčiny
|
| 650 |
0 |
7 |
|a zvyky a obyčaje
|2 SNKPH
|9 4086
|
| 650 |
0 |
7 |
|a hádanky
|2 SNKPH
|9 1511
|
| 650 |
0 |
7 |
|a hlavolamy
|2 SNKPH
|9 3312
|
| 650 |
0 |
7 |
|a krížovky
|2 SNKPH
|9 3313
|
| 650 |
0 |
7 |
|a Manners and customs
|2 SNKPHeng
|9 312766
|
| 650 |
0 |
7 |
|a Riddles
|2 SNKPHeng
|9 312972
|
| 650 |
0 |
7 |
|a Puzzles
|2 SNKPHeng
|9 325046
|
| 650 |
0 |
7 |
|a Crossword puzzles
|2 SNKPHeng
|9 349269
|
| 655 |
|
7 |
|a maďarské príbehy
|2 SNKPH
|9 70495
|
| 655 |
|
7 |
|a publikácie pre deti
|2 SNKPH
|9 70148
|
| 655 |
|
7 |
|a Hungarian stories
|2 SNKPHeng
|9 314231
|
| 655 |
|
7 |
|a Children's literature
|2 SNKPHeng
|9 276039
|
| 700 |
1 |
|
|a Petényi, Tibor Z.
|4 ill
|9 416302
|
| 700 |
1 |
|
|a Potoková, Katarína
|4 trl
|9 416303
|
| 919 |
|
|
|a 978-80-971261-0-0
|
| 958 |
|
|
|a OP
|
| 958 |
|
|
|a DB
|
| 958 |
|
|
|a HU
|
| 958 |
|
|
|a NM
|
| 958 |
|
|
|a ZD
|
| 968 |
|
|
|b MAG
|
| 999 |
|
|
|c 1010713
|d 1012643
|
| 952 |
|
|
|a SNK
|b SNK
|y PREZ
|7 0
|p 17A1066616
|o snkSE 12610
|i snk2013/8006
|8 0
|0 0
|1 0
|4 0
|d 2013-04-10
|f 1
|l 0
|r 2026-02-24 12:51:04
|w 2026-02-24
|
| 952 |
|
|
|a SNK
|b SNK
|y VYP
|7 0
|p 17A1066615
|o snkSE 12610 D1
|i snk2013/8008
|8 0
|0 0
|1 0
|4 0
|d 2013-04-10
|l 0
|r 2026-02-24 12:51:04
|w 2026-02-24
|